|
|
|
|
| LEADER |
00000nam a22000007a 4500 |
| 005 |
20220720214945.0 |
| 007 |
cr|||| |||| |
| 008 |
220720s2021 br |||||s|||| 00||0 por d |
| 020 |
|
|
|a 978859374198-2
|
| 035 |
|
|
|a 36767
|
| 040 |
|
|
|a vLex
|
| 090 |
|
|
|c 13633
|d 13633
|
| 100 |
1 |
|
|a Paiva Santiago, Maria Cristina
|
| 245 |
1 |
0 |
|a Direito de arrependimento nos contratos civis
|h [Recurso electrn̤ico] :
|b A proteȯ̂ da hipervulnerabilidade no direito civil-constitucional /
|c Maria Cristina Paiva Santiago
|
| 256 |
|
|
|a Servicio en ln̕ea
|
| 260 |
|
|
|a Rio de Janeiro:
|b Editora Processo,
|c 2021
|
| 300 |
|
|
|a 1 recurso electrn̤ico
|
| 500 |
|
|
|a Assim, rompe-se com o tradicional paradigma do “sujeito de direito” incg̤nito, dando-se lugar ̉tutela do ser humano em concreto. Eis o grande contributo desta obra: o paradigma da humanizaȯ̂ do Direito Civil encontra porto seguro nas linhas tracejadas pela autora”. Adriano Godinho Para que a hipervulnerabilidade seja capaz de modular a aplicaȯ̂ do direito de arrependimento, Maria Cristina Santiago parte dos paradigmas da constitucionalizaȯ̂ do direito privado e da aplicaȯ̂ dos direitos fundamentais nas relaė̳s privadas, objetivando identificar novos parḿetros metd̤ico-epistemolg̤icos de proteȯ̂ da pessoa humana, a partir da anl̀ise da forȧ normativa dos princp̕ios da dignidade da pessoa humana e da solidariedade, bem como da reinterpretaȯ̂ do direito contratual propiciada pela humanizaȯ̂ do direito civil-constitucional”. Nelson Rosenvald Quando em vez de afirmarmos nô ser possv̕el se arrepender do negc̤io, passamos a perguntar as raze̳s para tal pretensô, comeȧmos a rever conceitos e posiė̳s jurd̕icas, questionando a quem atendem e por que ainda devem ser consideradas legt̕imas e de observńcia obrigatr̤ia. Nô esperava nada diferente de uma pesquisadora que vem se dedicando ̉construȯ̂ de um paradigma de humanizaȯ̂ do Direito Civil”. Marcos Ehahrdt
|
| 506 |
1 |
|
|a Disponible solo en los productos indicados
|d vLex Global
|d vLex Global (Academic Edition, excluding Law Schools)
|d vLex Global (U.S. Academic Edition, Law Schools)
|d vLex Global (U.S. Academic Edition, excluding Law Schools)
|d vLex Global (Academic Edition, Law Schools)
|
| 650 |
0 |
4 |
|a Obligaciones y Contratos
|z Brasil
|
| 650 |
0 |
4 |
|a Derecho Constitucional
|z Brasil
|
| 740 |
0 |
|
|a vLex Libros (Servicio en ln̕ea)
|
| 856 |
4 |
0 |
|u https://app.vlex.com/#/sources/36767
|z Acceso restringido
|
| 942 |
|
|
|c BOOK
|
| 999 |
0 |
|
|a Obligations and Contracts
|
| 999 |
0 |
|
|a Constitutional Law
|